000
00297nam a22001337a 4500
008
170914b xxu||||| |||| 00| 0 eng d
020
_a
9780810925533
041
_a
eng
080
_a
77
100
_a
44
101
_a
ART
245
_a
HOW TO LOOK AT PHOTOGRAPHS
_c
FINN.D
942
_2
udc
_c
BK
999
_c
27587
_d
27587